| 000 | 00682nam a22001937a 4500 | ||
|---|---|---|---|
| 999 |
_c15165 _d15165 |
||
| 003 | OSt | ||
| 082 | _2631.587 BAS/DE | ||
| 088 | _aP 261 | ||
| 100 |
_aBASITH K _93462 |
||
| 245 | _aDevelopment of software for steady state drain spacing calculation | ||
| 260 |
_aTavanur 2013 _bDepartment of Irrigation and Drainage Engineering |
||
| 300 | _a75 | ||
| 500 | _aDevelopment of software for steady state drain spacing calculation | ||
| 520 | _aDevelopment of software for steady state drain spacing calculation | ||
| 700 |
_aFarsana T _93463 |
||
| 700 |
_aDr. K. V Levan (Guide) _93464 |
||
| 856 | _uhttps://drive.google.com/open?id=12jKyFrhdTYsLQhKabEAVVWNpeIzwR-aH | ||
| 942 | _cPR | ||